• 首页
  • 本馆介绍
  • 公告通知
  • 最新文献
  • 馆藏检索
  • 电子资源
  • 读者导购
  • 参考咨询
  • 我的图书馆
  • 登录
  • 详细信息显示
  • 放入我的书架
  • 预约/预借图书
  • 作者相关作品
  • 分类相关作品
  • 丛书相关作品
  • 出版社相关作品

书目信息

  • 表格格式
  • 工作单格式
  • 卡片格式
题名:
国外热处理
    
 
作者: ;中国科学技术情报研究所重庆分所 编辑
分册: 八  
出版信息: 重庆   中国科学技术出版社重庆分社  1981.8
页数: 103页
开本: 26cm
丛书名:
单 册:
中图分类: TG15
科图分类:
主题词: 热处理
电子资源:
ISBN:
000 00655nam0 2200181 45
001 0312221749
005 20060328105451.40
010    @dCNY0.70
100    @a20031222d1981 km y0chiy0120 ea
101    @achi
200 1  @a国外热处理@Aguo wai re chu li@h八@f中国科学技术情报研究所重庆分所编辑@Fzhong guo ke xue ji shu qing bao yan jiu suo chong qing fen suo bian ji
210    @a重庆@c中国科学技术出版社重庆分社@d1981.8
215    @a103页@d26cm
606 0  @a热处理
690    @aTG15@v4
711  0 @a中国科学技术情报研究所重庆分所@Azhong guo ke xue ji shu qing bao yan jiu suo chong qing fen suo@4编辑
801    @aCN@bTSTCL@c20060328
905    @a213230@dTG15@e8:8
    
    国外热处理.八/中国科学技术情报研究所重庆分所编辑.-重庆:中国科学技术出版社重庆分社,1981.8
    103页;26cm
    
    
    ISBN :CNY0.70
    
●
相关链接 在E读中查询图书 在五车中查询图书 在当当中查询图书 在豆瓣中查询图书


正题名:国外热处理     索取号:TG15/8:8         预约/预借

序号 登录号 条形码 馆藏地/架位号 状态 备注
1 0063119   202236918   密集书库/ [索取号:TG15/8:8] 在馆    
2 0063120   202236874   密集书库/ [索取号:TG15/8:8] 在馆    
唐山师范学院图书馆 欢迎您!
大连网信软件有限公司© 版权所有